Search the Library Catalogue
| 000 -LEADER | |
|---|---|
| fixed length control field | 01005nam a2200265Ia 4500 |
| 008 - FIXED-LENGTH DATA ELEMENTS--GENERAL INFORMATION | |
| fixed length control field | 191130s2001##################000#0#eng## |
| 020 ## - INTERNATIONAL STANDARD BOOK NUMBER | |
| ISBN | 9781573928960 |
| 082 ## - DEWEY DECIMAL CLASSIFICATION NUMBER | |
| Classification number | 793.8092 POL |
| 100 ## - MAIN ENTRY--AUTHOR NAME | |
| Personal name | Polidoro, Massimo |
| 245 ## - TITLE STATEMENT | |
| Title | Final seance : the strange friendship between Houdini and Conan Doyle |
| Statement of responsibility, etc | Massimo Polidoro |
| 260 ## - PUBLICATION, DISTRIBUTION, ETC. (IMPRINT) | |
| Place of publication | Amherst, NY |
| Name of publisher | Prometheus Books |
| Year of publication | c2001 |
| 300 ## - PHYSICAL DESCRIPTION | |
| Number of Pages | 264 p. : ill. ; 23 cm |
| 500 ## - GENERAL NOTE | |
| General note | Includes bibliographical references (p. 245-252) and index |
| 650 ## - SUBJECT ADDED ENTRY--TOPICAL TERM | |
| Topical Term | Authors, Scottish - 20th century - Biography |
| Topical Term | Doyle, Arthur Conan, Sir, 1859-1930 - Friends and associates |
| Topical Term | Doyle, Arthur Conan, Sir, 1859-1930 - Knowledge - Occultism |
| Topical Term | Houdini, Harry, 1874-1926 - Friends and associates |
| Topical Term | Magicians - United States - Biography |
| Topical Term | Occultists - Great Britain - Biography |
| 991 ## - | |
| -- | 334514 |
| Withdrawn status | Lost status | Damaged status | Not for loan | Home library | Current library | Shelving location | Date acquired | Full call number | Accession Number | Price effective from | Koha item type |
|---|---|---|---|---|---|---|---|---|---|---|---|
| Anna Centenary Library | Anna Centenary Library | 6TH FLOOR, B WING | 13.10.2020 | 793.8092 POL | 426399 | 13.10.2020 | English Books |